[Event "Championnat de France - Open D"]
[Site "Nimes"]
[Date "2009.08.13"]
[Round "3.8"]
[White "Sanchez, Frederic"]
[Black "Azouni, Anais"]
[Result "1/2-1/2"]
[WhiteElo "1480"]
[BlackElo "1340"]
[PlyCount "133"]
[EventDate "2009.??.??"]

1. d4 d5 2. Bf4 c5 3. e3 Nc6 4. c3 Qb6 5. Qb3 Nf6 6. Qxb6 axb6 7. Nf3 Bg4 8.
Nbd2 e6 9. h3 Bh5 10. Be2 Be7 11. O-O O-O 12. Rfe1 Ne4 13. Bf1 Nxd2 14. Nxd2
Bh4 15. g4 Bg6 16. Nf3 Bf6 17. Be2 Be4 18. Bg3 Bxf3 19. Bxf3 Ne7 20. Bc7 cxd4
21. exd4 b5 22. Bd6 Rfd8 23. Bb4 Ng6 24. Be2 Nf4 25. Bf1 Bh4 26. Re3 Bg5 27.
Rf3 Ng6 28. Bxb5 Nh4 29. Re3 f5 30. f3 g6 31. Bc5 fxg4 32. fxg4 h5 33. gxh5
gxh5 34. Rg3 Kh7 35. Rxg5 Nf3+ 36. Kg2 Nxg5 37. Be7 Rg8 38. Bxg5 Rxg5+ 39. Kh2
Rag8 40. b4 Rg2+ 41. Kh1 Rc2 42. Bd3+ Kh8 43. Bxc2 Rc8 44. Bg6 Rxc3 45. Kh2 Rc4
46. Bf7 Rxb4 47. Bxe6 Rxd4 48. Rb1 Rd2+ 49. Kg3 d4 50. Rxb7 Rd1 51. Bf5 d3 52.
Bxd3 Rxd3+ 53. Kh4 Ra3 54. Kxh5 Rxh3+ 55. Kg4 Ra3 56. Rb2 Kg7 57. Kf4 Kf6 58.
Ke4 Rc3 59. Kd4 Rc1 60. a4 Ra1 61. Rb4 Ke6 62. Kc5 Kd7 63. Kb6 Kc8 64. a5 Kb8
65. a6 Ka8 66. Rb5 Rxa6+ 67. Kxa6 1/2-1/2

[Event "Championnat de France - Open D"]
[Site "Nimes"]
[Date "2009.08.13"]
[Round "3.9"]
[White "Mouzayek, Sarah"]
[Black "De La Vieuville, Remi"]
[Result "0-1"]
[WhiteElo "1320"]
[BlackElo "1470"]
[PlyCount "98"]
[EventDate "2009.??.??"]

1. e4 Nc6 2. d4 e5 3. d5 Nce7 4. Nf3 Ng6 5. Nc3 Bc5 6. Be2 Nf6 7. Na4 Nxe4 8.
Nxc5 Nxc5 9. d6 Ne4 10. dxc7 Qxc7 11. Qd5 Nf6 12. Qc4 Qxc4 13. Bxc4 d5 14. Bb5+
Bd7 15. Bxd7+ Nxd7 16. b3 Rc8 17. Kd2 O-O 18. Bb2 Rc6 19. Rhe1 f6 20. c3 Rfc8
21. Rac1 Nc5 22. Re3 Ne7 23. g4 a5 24. Nh4 g5 25. Ng2 Kf7 26. h4 h6 27. hxg5
hxg5 28. f3 b5 29. b4 axb4 30. cxb4 Na4 31. Rxc6 Rxc6 32. Ba1 d4 33. Rd3 Nd5
34. a3 Nac3 35. Bxc3 Rxc3 36. Ne1 Ke6 37. Rxc3 Nxc3 38. Kc2 Kd5 39. Kd3 Ke6 40.
Nc2 f5 41. Ne1 Nb1 42. Nc2 fxg4 43. fxg4 Kd5 44. Ne1 Nxa3 45. Nf3 e4+ 46. Ke2
exf3+ 47. Kxf3 Ke5 48. Kg3 Nc2 49. Kf3 Nxb4 0-1

[Event "Championnat de France - Open D"]
[Site "Nimes"]
[Date "2009.08.13"]
[Round "3.10"]
[White "Tranchesset, Alexandre"]
[Black "Faillat, Cyril"]
[Result "1-0"]
[WhiteElo "1420"]
[BlackElo "1499"]
[PlyCount "57"]
[EventDate "2009.??.??"]

1. e4 e5 2. Nf3 Nc6 3. d4 d6 4. dxe5 dxe5 5. Qxd8+ Kxd8 6. Bb5 Nge7 7. Be3 f6
8. Nc3 Nb4 9. O-O-O+ Nbd5 10. Nxd5 Nxd5 11. Rxd5+ Bd6 12. Bc5 Ke7 13. Bxd6+
cxd6 14. Rhd1 Rd8 15. c4 Be6 16. R5d2 a6 17. Ba4 Bxc4 18. Rc2 b5 19. Bb3 Bxb3
20. axb3 g5 21. Kb1 h5 22. g3 a5 23. Rd5 b4 24. Rc7+ Rd7 25. Rxd7+ Kxd7 26. Nd2
Ra6 27. Nc4 a4 28. bxa4 Rxa4 29. Nb6+ 1-0

[Event "Championnat de France - Open D"]
[Site "Nimes"]
[Date "2009.08.14"]
[Round "4.1"]
[White "Bastide, Jean Luc"]
[Black "Trey, Baptiste"]
[Result "1-0"]
[WhiteElo "1499"]
[BlackElo "1390"]
[PlyCount "45"]
[EventDate "2009.??.??"]

1. e4 e6 2. f4 b6 3. Nf3 Nf6 4. Nc3 Bb7 5. d3 Bb4 6. Bd2 Nc6 7. a3 Be7 8. Be2
O-O 9. e5 Ne8 10. Be3 f6 11. Qd2 fxe5 12. fxe5 d6 13. O-O-O dxe5 14. Nxe5 Nxe5
15. Qe1 Bg5 16. Qg3 Bxe3+ 17. Qxe3 Rf5 18. Bg4 Qg5 19. Qxg5 Rxg5 20. Bxe6+ Kh8
21. Rhf1 Nf6 22. Nb5 c5 23. Nd6 1-0

[Event "Championnat de France - Open D"]
[Site "Nimes"]
[Date "2009.08.14"]
[Round "4.2"]
[White "De La Vieuville, Remi"]
[Black "Elzoghlami, Mehdi"]
[Result "1-0"]
[WhiteElo "1470"]
[BlackElo "1493"]
[PlyCount "89"]
[EventDate "2009.??.??"]

1. Nc3 Nf6 2. e4 d6 3. d4 Nbd7 4. Be3 g6 5. Be2 Bg7 6. Qd2 O-O 7. Bh6 c5 8. Nf3
Bxh6 9. Qxh6 cxd4 10. Nxd4 b5 11. Nc6 Qe8 12. Nxb5 Nc5 13. Ncxa7 Qd7 14. Nxc8
Rfxc8 15. f3 Na4 16. b3 Nc3 17. Nxc3 Rxc3 18. Bd3 Qa7 19. Ke2 Qa3 20. Qc1 Qa5
21. a4 Rac8 22. Bc4 Nd7 23. Rd1 Ne5 24. Rd5 Qa7 25. Qd2 R3xc4 26. bxc4 Rxc4 27.
a5 Qa6 28. Kd1 Rc6 29. Rb1 Qf1+ 30. Qe1 Qxg2 31. Rd2 Qxf3+ 32. Qe2 Qh1+ 33. Qe1
Qxe1+ 34. Kxe1 Nf3+ 35. Ke2 Nxd2 36. Kxd2 Ra6 37. Ra1 Kf8 38. Kc3 Ke8 39. Kb4
Kd8 40. Kb5 Ra8 41. a6 Kc7 42. Rf1 f6 43. Rf3 Rc8 44. Rc3+ Kb8 45. a7+ 1-0

[Event "Championnat de France - Open D"]
[Site "Nimes"]
[Date "2009.08.14"]
[Round "4.3"]
[White "Saucey, Milena"]
[Black "Luond, Patrice"]
[Result "1-0"]
[WhiteElo "1440"]
[BlackElo "1480"]
[PlyCount "95"]
[EventDate "2009.??.??"]

1. e4 d6 2. d4 g6 3. Nc3 Bg7 4. Be3 Nf6 5. Qd2 O-O 6. Bh6 Bxh6 7. Qxh6 c5 8.
dxc5 dxc5 9. Bd3 Nc6 10. Nge2 a6 11. O-O-O Qc7 12. Nd5 Nxd5 13. exd5 Nb4 14.
Kb1 Nxd5 15. Bxa6 Nb4 16. Bc4 b5 17. Bxb5 Rxa2 18. Nc3 Qa5 19. Nxa2 Qxa2+ 20.
Kc1 Qa1+ 21. Kd2 Rd8+ 22. Ke2 Rxd1 23. Rxd1 Qa5 24. Bd3 Nxd3 25. cxd3 Ba6 26.
Qd2 Qc7 27. h3 c4 28. Qc3 cxd3+ 29. Kf3 Qb6 30. Qa3 Bb7+ 31. Kg3 Qc7+ 32. f4 g5
33. Qa4 Qd6 34. h4 h6 35. hxg5 hxg5 36. Rd2 e5 37. Qe8+ Kg7 38. Qxe5+ Qxe5 39.
fxe5 Ba6 40. Kf3 Kg6 41. g4 f5 42. exf6 Kxf6 43. Ke3 Ke5 44. Rd1 Bc8 45. Rg1
Ba6 46. Ra1 Bc4 47. Ra4 Bb3 48. Re4+ 1-0

[Event "Championnat de France - Open D"]
[Site "Nimes"]
[Date "2009.08.14"]
[Round "4.4"]
[White "Laudat, Philippe"]
[Black "Arnaud-Audiffren, Alexandre"]
[Result "1/2-1/2"]
[WhiteElo "1405"]
[BlackElo "1500"]
[PlyCount "49"]
[EventDate "2009.??.??"]

1. d4 d5 2. Bf4 Nf6 3. Nf3 Bf5 4. e3 e6 5. Bd3 Bg6 6. Bxg6 hxg6 7. Qd3 c6 8.
Nbd2 Bd6 9. Bxd6 Qxd6 10. e4 dxe4 11. Nxe4 Nxe4 12. Qxe4 Nd7 13. O-O-O O-O-O
14. Ne5 Nxe5 15. dxe5 Qc5 16. Rxd8+ Rxd8 17. f4 Qf2 18. Rd1 Rxd1+ 19. Kxd1 Qg1+
20. Ke2 Qxh2 21. Kf2 Qh5 22. Qb4 Qf5 23. Qf8+ Kc7 24. Qd6+ Kb6 25. Qb4+ 1/2-1/2

[Event "Championnat de France - Open D"]
[Site "Nimes"]
[Date "2009.08.14"]
[Round "4.5"]
[White "Doucet, Claude"]
[Black "Tranchesset, Alexandre"]
[Result "0-1"]
[WhiteElo "1490"]
[BlackElo "1420"]
[PlyCount "108"]
[EventDate "2009.??.??"]

1. d4 d5 2. Nf3 Bg4 3. Ne5 Nf6 4. Nxg4 Nxg4 5. h3 Nf6 6. Bf4 Nc6 7. e3 e6 8. c4
Bb4+ 9. Nc3 Ne4 10. Qc2 O-O 11. a3 Bxc3+ 12. bxc3 b6 13. Bd3 f5 14. O-O Nd6 15.
cxd5 exd5 16. Bxd6 Qxd6 17. Bxf5 g6 18. Bd3 Rf7 19. c4 Ne7 20. cxd5 Nxd5 21. e4
Nf4 22. Bc4 Ne6 23. Qb3 Re7 24. d5 Nc5 25. Qg3 Nxe4 26. Qxd6 Nxd6 27. Bb3 Kh8
28. Rfe1 Rae8 29. Kf1 Ne4 30. Red1 Rf7 31. f3 Ng3+ 32. Kf2 Ne4+ 33. Kg1 Nc3 34.
Rd3 Ne2+ 35. Kh2 Rd7 36. Rad1 Red8 37. a4 c6 38. Bc4 Nf4 39. Rd4 Nxd5 40. Kg3
Nf6 41. Rxd7 Rxd7 42. Bb3 Rxd1 43. Bxd1 Nd5 44. Bb3 Kg7 45. Kf2 Kf6 46. Ke2
Nf4+ 47. Kf2 a5 48. g4 Nxh3+ 49. Kg3 Ng5 50. Bc2 b5 51. f4 Ne6 52. f5 Nd4 53.
axb5 cxb5 54. Be4 gxf5 0-1

[Event "Championnat de France - Open D"]
[Site "Nimes"]
[Date "2009.08.14"]
[Round "4.6"]
[White "Fahys, Francis"]
[Black "Marquet, Didier"]
[Result "1/2-1/2"]
[WhiteElo "1440"]
[BlackElo "1482"]
[PlyCount "106"]
[EventDate "2009.??.??"]

1. d4 d5 2. Bf4 Nf6 3. Nc3 c6 4. Nf3 Nbd7 5. e3 Qa5 6. Qd2 e6 7. a3 a6 8. Bd3
Be7 9. O-O O-O 10. b4 Qd8 11. Rfe1 Nh5 12. e4 Nxf4 13. Qxf4 Nb6 14. e5 h6 15.
Ne2 Nd7 16. Ng3 Bg5 17. Qg4 Nb6 18. Nh5 f5 19. Qg3 Qe8 20. Qh3 Bd7 21. Nxg5
hxg5 22. g4 Qg6 23. Re3 Qh6 24. Rae1 Nc4 25. Bxc4 dxc4 26. Nf6+ Rxf6 27. exf6
Qxh3 28. Rxh3 gxf6 29. gxf5 Re8 30. Rhe3 Kf7 31. fxe6+ Rxe6 32. Rxe6 Bxe6 33.
Kg2 Bd5+ 34. Kg3 f5 35. f4 g4 36. Kh4 Be4 37. c3 Kg6 38. Rg1 b5 39. h3 Bf3 40.
Re1 Kf6 41. Kg3 Kf7 42. h4 Be4 43. h5 Kg7 44. Kh4 Kh6 45. Re3 Kh7 46. Kg5 Kg7
47. h6+ Kh7 48. Re2 g3 49. Re3 g2 50. Rg3 Kg8 51. Kg6 Kh8 52. Kf6 Kh7 53. Rg6
Bf3 1/2-1/2

[Event "Championnat de France - Open D"]
[Site "Nimes"]
[Date "2009.08.14"]
[Round "4.7"]
[White "Barberis, Matthieu"]
[Black "Cossutta, Nello"]
[Result "1/2-1/2"]
[WhiteElo "1480"]
[BlackElo "1431"]
[PlyCount "37"]
[EventDate "2009.??.??"]

1. e4 c5 2. Nc3 d6 3. Bc4 Nf6 4. f4 g6 5. Nf3 Bg7 6. O-O O-O 7. d3 Nc6 8. Qe1
Bg4 9. Qh4 Bxf3 10. Rxf3 Nd4 11. Rh3 e6 12. f5 Nh5 13. Bg5 Bf6 14. Rg3 d5 15.
Qxh5 Bxg5 16. Rxg5 dxc4 17. fxg6 fxg6 18. e5 Nxc2 19. Rxg6+ 1/2-1/2

[Event "Championnat de France - Open D"]
[Site "Nimes"]
[Date "2009.08.14"]
[Round "4.8"]
[White "Giry, Valentin"]
[Black "Sanchez, Frederic"]
[Result "1/2-1/2"]
[WhiteElo "1370"]
[BlackElo "1480"]
[PlyCount "81"]
[EventDate "2009.??.??"]

1. e4 d5 2. exd5 Qxd5 3. Nf3 Nf6 4. d4 Bf5 5. c4 Qd8 6. Nc3 c6 7. Be2 e6 8. O-O
Be7 9. Be3 Nbd7 10. h3 Qc7 11. Qd2 Nb6 12. Bf4 Qd8 13. c5 Nbd5 14. Bh2 h6 15.
Bd3 Bxd3 16. Qxd3 Nxc3 17. Qxc3 Nd5 18. Qc2 Bg5 19. Nxg5 Qxg5 20. Qc1 Qxc1 21.
Raxc1 O-O 22. a3 Rfd8 23. Rfd1 Rd7 24. Rd3 Rad8 25. Be5 Ne7 26. Rcd1 f6 27. Bf4
e5 28. Be3 Nf5 29. g4 Nxd4 30. Bxd4 Rxd4 31. Rxd4 Rxd4 32. Rxd4 exd4 33. Kg2
Kf7 34. Kf3 Ke6 35. Ke4 d3 36. Kxd3 Kd5 37. b4 b6 38. cxb6 axb6 39. f4 b5 40.
f5 Ke5 41. Ke3 1/2-1/2

[Event "Championnat de France - Open D"]
[Site "Nimes"]
[Date "2009.08.14"]
[Round "4.9"]
[White "Azouni, Anais"]
[Black "Leost, Joel"]
[Result "0-1"]
[WhiteElo "1340"]
[BlackElo "1460"]
[PlyCount "126"]
[EventDate "2009.??.??"]

1. e4 c6 2. d4 d5 3. Nc3 dxe4 4. Nxe4 Bf5 5. Ng3 Bg6 6. Nf3 Nf6 7. Bd3 Nbd7 8.
O-O e6 9. Re1 Be7 10. Nh4 Qc7 11. a4 a5 12. c3 Nd5 13. Nf3 Nf4 14. Bxf4 Qxf4
15. Bf1 h5 16. Qd2 Bd6 17. c4 Qxd2 18. Nxd2 Nf6 19. Nge4 Be7 20. Nxf6+ Bxf6 21.
Rad1 Bxd4 22. Ne4 Rd8 23. b3 Bxe4 24. Rxe4 Bxf2+ 25. Kxf2 Rxd1 26. Re5 b6 27.
c5 bxc5 28. Rxc5 Kd7 29. Rxa5 Kd6 30. Ra7 Rf8 31. a5 Kc5 32. Rb7 Rd4 33. a6 Rb4
34. Rd7 Rxb3 35. a7 Ra3 36. Rb7 Ra8 37. Rxf7 R8xa7 38. Rf4 Rc3 39. g4 hxg4 40.
Rxg4 Ra2+ 41. Kg1 Rcc2 42. Rg5+ Kd6 43. Rxg7 Rxh2 44. Rg3 Rhc2 45. Rd3+ Ke5 46.
Re3+ Kf6 47. Rf3+ Kg5 48. Rg3+ Kf4 49. Rg6 e5 50. Rf6+ Ke3 51. Rd6 Ra1 52. Rd3+
Ke4 53. Rh3 Rcc1 54. Rh4+ Kf3 55. Rh3+ Kg4 56. Kg2 Rxf1 57. Rg3+ Kf5 58. Rb3
Rg1+ 59. Kf2 Raf1+ 60. Ke2 Kf4 61. Rb4+ e4 62. Rb8 Re1+ 63. Kf2 e3# 0-1

[Event "Championnat de France - Open D"]
[Site "Nimes"]
[Date "2009.08.14"]
[Round "4.10"]
[White "Petit, Michel"]
[Black "Saint-Sulpice, Xavier"]
[Result "1/2-1/2"]
[WhiteElo "1400"]
[BlackElo "1500"]
[PlyCount "50"]
[EventDate "2009.??.??"]

1. c4 b6 2. g3 Bb7 3. Nf3 e6 4. Bg2 Nf6 5. d3 d5 6. Nbd2 dxc4 7. Nxc4 Be7 8.
O-O O-O 9. a3 c5 10. e4 Nc6 11. Rb1 b5 12. Nce5 Qb6 13. Bg5 Rfd8 14. Re1 h6 15.
Bf4 c4 16. Be3 Qc7 17. Bf4 Bd6 18. Nxc6 Bxf4 19. Nxd8 Rxd8 20. gxf4 Bxe4 21.
Rxe4 Nxe4 22. Ne5 Nc5 23. d4 Nd3 24. d5 Nxf4 25. Qe1 Nxd5 1/2-1/2

[Event "Championnat de France - Open D"]
[Site "Nimes"]
[Date "2009.08.15"]
[Round "5.1"]
[White "De La Vieuville, Remi"]
[Black "Bastide, Jean Luc"]
[Result "1/2-1/2"]
[WhiteElo "1470"]
[BlackElo "1499"]
[PlyCount "79"]
[EventDate "2009.??.??"]

1. Nc3 e5 2. Nf3 Nc6 3. d4 exd4 4. Nxd4 d5 5. Bf4 a6 6. e3 Nf6 7. Nxc6 bxc6 8.
Qd4 Be7 9. Qe5 Ra7 10. O-O-O O-O 11. Bg5 Be6 12. Be2 Qb8 13. f4 Rb7 14. f5 Bd6
15. Qd4 Rb4 16. Qd3 Ne4 17. fxe6 Rxb2 18. exf7+ Rxf7 19. Nxe4 dxe4 20. Qxe4
Rb1+ 21. Kd2 Bb4+ 22. c3 Bxc3+ 23. Kxc3 Qb2+ 24. Kd3 Rd7+ 25. Qd4 Rxd4+ 26.
exd4 Rxd1+ 27. Rxd1 Qb5+ 28. Kc3 Qxe2 29. Rd2 Qh5 30. Bf4 Qa5+ 31. Kd3 Qf5+ 32.
Ke3 g5 33. Bxc7 h5 34. g3 Qe6+ 35. Kd3 Qd5 36. Rc2 Qf3+ 37. Kd2 Qf2+ 38. Kd3
Qf1+ 39. Kd2 Qf2+ 40. Kd3 1/2-1/2

[Event "Championnat de France - Open D"]
[Site "Nimes"]
[Date "2009.08.15"]
[Round "5.2"]
[White "Leost, Joel"]
[Black "Saucey, Milena"]
[Result "1-0"]
[WhiteElo "1460"]
[BlackElo "1440"]
[PlyCount "125"]
[EventDate "2009.??.??"]

1. e4 e5 2. Bc4 Nf6 3. Nc3 Nc6 4. Nf3 Nxe4 5. Bxf7+ Kxf7 6. Nxe4 d5 7. Neg5+
Ke8 8. d3 Be7 9. h4 Bg4 10. Qd2 h6 11. Nh3 Bxf3 12. gxf3 Bxh4 13. c3 Qe7 14.
Qe3 Rf8 15. Bd2 Rd8 16. O-O-O Kd7 17. Qe2 Bf6 18. Kb1 Kc8 19. Rde1 d4 20. c4
Qc5 21. Rc1 Nb4 22. a3 Nc6 23. b4 Qb6 24. Qe1 Ne7 25. b5 Qe6 26. Ka1 Qf5 27.
Qe4 Qxe4 28. fxe4 Rf7 29. f4 Rdf8 30. f5 Ng8 31. Ng1 Be7 32. Ka2 Kd7 33. c5 Rf6
34. Nf3 Kd8 35. Nxe5 c6 36. bxc6 bxc6 37. Ba5+ Kc8 38. Rc4 Bd8 39. Bd2 Bc7 40.
Nf3 R6f7 41. Rb1 g6 42. Nxd4 Rf6 43. Rcb4 gxf5 44. Nxf5 Kd7 45. Rb7 R8f7 46.
Kb3 Ke6 47. Kc4 Rd7 48. Rxa7 Rh7 49. Rbb7 Rff7 50. Nd4+ Kf6 51. Nxc6 h5 52. Nd4
h4 53. Ra6+ Kg7 54. Ne6+ Kh8 55. Bc3+ Nf6 56. Ng5 h3 57. Nxf7+ Kg8 58. Ra8+ Kg7
59. Ng5 Rh5 60. Rxc7+ Kg6 61. Nxh3 Rxh3 62. Ra6 Rf3 63. Rcc6 1-0

[Event "Championnat de France - Open D"]
[Site "Nimes"]
[Date "2009.08.15"]
[Round "5.3"]
[White "Tranchesset, Alexandre"]
[Black "Arnaud-Audiffren, Alexandre"]
[Result "1-0"]
[WhiteElo "1420"]
[BlackElo "1500"]
[PlyCount "55"]
[EventDate "2009.??.??"]

1. e4 c5 2. Nf3 d6 3. Bb5+ Bd7 4. Bxd7+ Qxd7 5. Nc3 Nf6 6. e5 dxe5 7. Nxe5 Qc7
8. d4 e6 9. Bf4 Bd6 10. Nb5 Qa5+ 11. Nc3 Bxe5 12. Bxe5 Nc6 13. Bxf6 gxf6 14.
dxc5 Qxc5 15. O-O Qd4 16. Nb5 Qd7 17. Qxd7+ Kxd7 18. Rad1+ Ke7 19. Rd2 Rad8 20.
Rfd1 a6 21. Nd6 Rd7 22. Nf5+ exf5 23. Rxd7+ Ke6 24. Rxb7 Ke5 25. Rxf7 Nd4 26.
c3 Ne2+ 27. Kf1 Nf4 28. Re1+ 1-0

[Event "Championnat de France - Open D"]
[Site "Nimes"]
[Date "2009.08.15"]
[Round "5.4"]
[White "Cossutta, Nello"]
[Black "Gobbe, David"]
[Result "1/2-1/2"]
[WhiteElo "1431"]
[BlackElo "1499"]
[PlyCount "76"]
[EventDate "2009.??.??"]

1. c4 g6 2. Nc3 Bg7 3. Nf3 Nf6 4. d4 d5 5. cxd5 Nxd5 6. Bg5 O-O 7. Qc1 Nxc3 8.
bxc3 c6 9. Bh6 Bxh6 10. Qxh6 Qa5 11. Rc1 f6 12. Qd2 Rd8 13. Qc2 Be6 14. Ra1 Nd7
15. e4 b5 16. a3 Nb6 17. Qb2 Qa4 18. Nd2 Nc4 19. Qb3 Qxb3 20. Nxb3 Ne3 21. Rb1
Nc2+ 22. Kd2 Nxa3 23. Rb2 Bc4 24. Na5 Bxf1 25. Rxf1 Rd6 26. Ra1 Nc4+ 27. Nxc4
bxc4 28. Rb7 e5 29. Ke3 exd4+ 30. cxd4 Re6 31. Raxa7 Rxa7 32. Rxa7 g5 33. Ra5
c3 34. Rc5 Kf7 35. g4 Ke7 36. Rxc3 Kd6 37. Kf3 Re7 38. Kg3 Rxe4 1/2-1/2

[Event "Championnat de France - Open D"]
[Site "Nimes"]
[Date "2009.08.15"]
[Round "5.5"]
[White "Elzoghlami, Mehdi"]
[Black "Schneckenburger, Robin"]
[Result "1-0"]
[WhiteElo "1493"]
[BlackElo "1430"]
[PlyCount "61"]
[EventDate "2009.??.??"]

1. d4 d5 2. Bg5 f6 3. Bh4 Bf5 4. e3 e6 5. c4 Bb4+ 6. Nc3 c6 7. Qb3 Qa5 8. a3
Ne7 9. Qxb4 Qxb4 10. axb4 O-O 11. c5 Nd7 12. Nf3 h5 13. Be2 g5 14. Bg3 Ng6 15.
h4 g4 16. Nd2 Kg7 17. Nb3 e5 18. b5 exd4 19. Nxd4 Be4 20. Nxe4 dxe4 21. Ne6+
Kh6 22. Nxf8 Ndxf8 23. bxc6 bxc6 24. O-O Ne6 25. Rfd1 Ne7 26. b4 Nd5 27. b5
cxb5 28. Bxb5 Kg7 29. Bc6 Rd8 30. Rxa7+ Kg6 31. Rxd5 1-0

[Event "Championnat de France - Open D"]
[Site "Nimes"]
[Date "2009.08.15"]
[Round "5.6"]
[White "Faure, Baptiste"]
[Black "Priser, Valerie"]
[Result "1-0"]
[WhiteElo "1490"]
[BlackElo "1410"]
[PlyCount "31"]
[EventDate "2009.??.??"]

1. e4 c6 2. Nc3 d5 3. Nf3 e5 4. d4 exd4 5. Nxd4 f6 6. exd5 cxd5 7. Qh5+ g6 8.
Qxd5 Qb6 9. Qb5+ Nd7 10. Qxb6 Nxb6 11. Bd2 Ne7 12. Bb5+ Nd7 13. Ne6 Kf7 14. Nc7
Rb8 15. Bc4+ Kg7 16. Ne8# 1-0

[Event "Championnat de France - Open D"]
[Site "Nimes"]
[Date "2009.08.15"]
[Round "5.7"]
[White "Marquet, Didier"]
[Black "Rouffignac, Marie"]
[Result "0-1"]
[WhiteElo "1482"]
[BlackElo "1410"]
[PlyCount "92"]
[EventDate "2009.??.??"]

1. e4 e5 2. Nf3 Nc6 3. Nc3 Nf6 4. Bc4 Nxe4 5. d3 Nxc3 6. bxc3 d5 7. Bb3 Bg4 8.
O-O Be7 9. h3 Bh5 10. Re1 Qd6 11. a4 f6 12. g4 Bf7 13. Nh4 g6 14. Qe2 O-O-O 15.
Ng2 Be6 16. d4 e4 17. Bf4 Qd7 18. Be3 f5 19. Nf4 fxg4 20. Nxe6 Qxe6 21. Qxg4
Qxg4+ 22. hxg4 h5 23. g5 Rhf8 24. Kg2 Rf5 25. Rg1 Bxg5 26. Bxg5 Rxg5+ 27. Kh2
Rxg1 28. Rxg1 Rd6 29. Rg5 Ne7 30. Kg3 Nf5+ 31. Kf4 h4 32. Kg4 Kd7 33. a5 c6 34.
Kh3 Re6 35. Rg1 e3 36. f3 e2 37. Re1 Re3 38. Kg2 g5 39. c4 Nxd4 40. Kf2 Rxf3+
41. Kg1 h3 42. cxd5 h2+ 43. Kxh2 Rf1 44. dxc6+ Kc7 45. Rxe2 Nxe2 46. Bc4 Rf2+
0-1

[Event "Championnat de France - Open D"]
[Site "Nimes"]
[Date "2009.08.15"]
[Round "5.8"]
[White "Trey, Baptiste"]
[Black "Barberis, Matthieu"]
[Result "1/2-1/2"]
[WhiteElo "1390"]
[BlackElo "1480"]
[PlyCount "124"]
[EventDate "2009.??.??"]

1. e4 Nf6 2. Nc3 d5 3. e5 d4 4. exf6 dxc3 5. fxe7 cxd2+ 6. Bxd2 Bxe7 7. Nf3 O-O
8. Bd3 Nc6 9. O-O Bg4 10. Bc3 Re8 11. h3 Bd7 12. Re1 Bc5 13. Rxe8+ Qxe8 14. Qd2
h6 15. Bxg7 Kxg7 16. Qc3+ Bd4 17. Nxd4 Qe5 18. Ne2 Re8 19. Qxe5+ Nxe5 20. Nf4
Nxd3 21. Nxd3 Re2 22. Rc1 Bf5 23. Nb4 c5 24. Kf1 Rd2 25. Ke1 Rd4 26. Nd3 c4 27.
Nc5 b6 28. Na4 Re4+ 29. Kd2 Rd4+ 30. Ke3 Re4+ 31. Kf3 Rd4 32. c3 Rd2 33. Ke3
Rc2 34. Rd1 b5 35. Nc5 Rxb2 36. Rd2 Rxd2 37. Kxd2 h5 38. Ke3 Kg6 39. Nb7 a6 40.
Kf4 f6 41. g4 hxg4 42. hxg4 Bd7 43. Nc5 Bc8 44. a3 a5 45. f3 Kh6 46. Ne4 Kg7
47. Nd6 Ba6 48. Ne8+ Kg6 49. Nc7 b4 50. cxb4 c3 51. Ke3 axb4 52. axb4 Bb7 53.
f4 Bf3 54. Kd3 c2 55. Kxc2 Bxg4 56. Kd3 Bf3 57. Ke3 Bb7 58. b5 Kf5 59. Ne8 Ke6
60. Kd4 Ke7 61. Ng7 Kd6 62. f5 Bc8 1/2-1/2

[Event "Championnat de France - Open D"]
[Site "Nimes"]
[Date "2009.08.15"]
[Round "5.9"]
[White "Luond, Patrice"]
[Black "Laudat, Philippe"]
[Result "1/2-1/2"]
[WhiteElo "1480"]
[BlackElo "1405"]
[PlyCount "136"]
[EventDate "2009.??.??"]

1. e4 e5 2. Nf3 d6 3. c3 Bg4 4. h3 Bxf3 5. Qxf3 Nf6 6. Bb5+ Nbd7 7. d3 a6 8.
Ba4 b5 9. Bb3 Nc5 10. Bc2 Be7 11. Bg5 O-O 12. O-O Nfd7 13. Be3 Bg5 14. b4 Ne6
15. a4 Qe7 16. Nd2 c5 17. Qe2 f5 18. exf5 Rxf5 19. d4 Rff8 20. dxe5 Nxe5 21.
bxc5 Nxc5 22. Be4 Rab8 23. axb5 Bxe3 24. Bd5+ Kh8 25. Qxe3 axb5 26. f4 Ng6 27.
Qd4 Qf6 28. f5 Ne7 29. Be6 Nxe6 30. fxe6 Qxe6 31. Rfe1 Qd7 32. Ra7 Nf5 33. Rxd7
Nxd4 34. cxd4 Rf6 35. Ree7 Rg6 36. Rb7 Rc8 37. Rxb5 h6 38. Rb2 Rc3 39. Re8+ Kh7
40. Re2 Rxh3 41. Ne4 Rh4 42. d5 Rh5 43. Red2 Re5 44. Nc3 Rgg5 45. Rf2 Re1+ 46.
Rf1 Re3 47. Nb5 Rg6 48. Nc7 Re5 49. Rf3 Re1+ 50. Kf2 Re5 51. g3 Re7 52. Ne6 Rf6
53. Rxf6 gxf6 54. Kf3 Kg6 55. Kf4 f5 56. Ra2 Kf6 57. Rh2 Kg6 58. g4 fxg4 59.
Kxg4 Rb7 60. Nf4+ Kg7 61. Kh5 Kf6 62. Re2 Re7 63. Ne6 Re8 64. Rg2 Ke5 65. Rg6
Re7 66. Kxh6 Kxd5 67. Nf4+ Ke5 68. Nd3+ Kd5 1/2-1/2

[Event "Championnat de France - Open D"]
[Site "Nimes"]
[Date "2009.08.15"]
[Round "5.10"]
[White "Sanchez, Frederic"]
[Black "Hatrel, Arnaud"]
[Result "1-0"]
[WhiteElo "1480"]
[BlackElo "1350"]
[PlyCount "127"]
[EventDate "2009.??.??"]

1. d4 Nf6 2. Bf4 e6 3. e3 d5 4. Nf3 c5 5. c3 Nc6 6. h3 Be7 7. Nbd2 O-O 8. Qc2
cxd4 9. exd4 Nh5 10. Bh2 f5 11. Be2 g6 12. Qd1 Ng7 13. O-O Bf6 14. Re1 Bd7 15.
Rb1 Qb6 16. Qc1 Rae8 17. Bd3 Ne7 18. Nb3 Nh5 19. Ne5 Bc8 20. Be2 Ng7 21. Qh6 g5
22. Nf3 Ng6 23. Nxg5 Bxg5 24. Qxg5 f4 25. Bh5 Nxh5 26. Qxh5 e5 27. dxe5 Rf5 28.
Qf3 Rfxe5 29. Rxe5 Rxe5 30. Bxf4 Nxf4 31. Qxf4 Bf5 32. Qxe5 Bxb1 33. Qxd5+ Kg7
34. Qd4+ Qxd4 35. Nxd4 Bxa2 36. f4 Bf7 37. Kf2 a6 38. Ke3 Be8 39. Ke4 Kf6 40.
g4 h6 41. h4 Bg6+ 42. f5 Bf7 43. Kf4 b5 44. g5+ hxg5+ 45. hxg5+ Kg7 46. Ke5 Be8
47. Ne6+ Kh7 48. Nc7 Bh5 49. Nxa6 Be2 50. Nc7 Bc4 51. Kf6 Bb3 52. Nxb5 Kg8 53.
Nd4 Ba4 54. b4 Bd7 55. b5 Bc8 56. b6 Bb7 57. Nb5 Ba8 58. Nd6 Kh7 59. c4 Kh8 60.
c5 Kg8 61. b7 Kh8 62. bxa8=Q+ Kh7 63. Qb7+ Kg8 64. Qg7# 1-0

[Event "Championnat de France - Open D"]
[Site "Nimes"]
[Date "2009.08.16"]
[Round "6.1"]
[White "Bastide, Jean Luc"]
[Black "Leost, Joel"]
[Result "1-0"]
[WhiteElo "1499"]
[BlackElo "1460"]
[PlyCount "45"]
[EventDate "2009.??.??"]

1. e4 c5 2. f4 Nc6 3. Nf3 d6 4. Bc4 e6 5. O-O Nge7 6. Nc3 a6 7. a4 Bd7 8. d3
Nb4 9. f5 d5 10. fxe6 Bxe6 11. exd5 Nexd5 12. Ng5 Qd7 13. Nxe6 fxe6 14. Qh5+ g6
15. Qh4 Bg7 16. Bg5 Bd4+ 17. Kh1 Ne3 18. Bxe3 Bxe3 19. Rae1 Nxc2 20. Re2 Nd4
21. Rxe3 Nf5 22. Rxf5 gxf5 23. Rxe6+ 1-0

[Event "Championnat de France - Open D"]
[Site "Nimes"]
[Date "2009.08.16"]
[Round "6.2"]
[White "Tranchesset, Alexandre"]
[Black "De La Vieuville, Remi"]
[Result "0-1"]
[WhiteElo "1420"]
[BlackElo "1470"]
[PlyCount "166"]
[EventDate "2009.??.??"]

1. e4 Nc6 2. d4 e5 3. dxe5 Nxe5 4. Bf4 Bd6 5. Nc3 Qf6 6. Nd5 Qg6 7. Qd4 Nc6 8.
Qe3 Nb4 9. Nxb4 Bxb4+ 10. c3 Ba5 11. g3 Bb6 12. Qd3 Bxf2+ 13. Kxf2 Qb6+ 14. Ke1
Qxb2 15. Rb1 Qxa2 16. Bxc7 b6 17. c4 Ba6 18. Bh3 Nf6 19. e5 Nd5 20. Rc1 Qb2 21.
Ne2 Qb4+ 22. Kf2 Qc5+ 23. Kg2 Nxc7 24. Qxd7+ Kf8 25. Rhf1 Bb7+ 26. Rf3 Bxf3+
27. Kxf3 Qe7 28. Qd6 Rd8 29. Qxe7+ Kxe7 30. c5 bxc5 31. Rxc5 Ne6 32. Bxe6 Kxe6
33. Nf4+ Ke7 34. Nd5+ Rxd5 35. Rxd5 Ra8 36. Ke4 a5 37. Rd3 a4 38. Ra3 Ke6 39.
g4 Ra5 40. Kd4 g6 41. Rc3 Ra6 42. Ra3 g5 43. Ke4 f6 44. exf6 Kxf6 45. Rf3+ Ke6
46. Ra3 h6 47. h3 Kd6 48. Kd4 Ra5 49. Kc4 Ke5 50. Kb4 Ra7 51. Kc4 Ke4 52. Kc5
Ra8 53. Kc4 Rd8 54. Rg3 Rd4+ 55. Kb5 Rd3 56. Rg2 a3 57. h4 Rd8 58. hxg5 hxg5
59. Kc4 Kf3 60. Rg1 Ra8 61. Kd3 a2 62. Ra1 Kxg4 63. Ke2 Kg3 64. Kf1 Kf3 65. Kg1
g4 66. Rf1+ Kg3 67. Ra1 Kh3 68. Kf2 g3+ 69. Kg1 Ra7 70. Kf1 Kh2 71. Ke2 g2 72.
Kf2 Ra6 73. Rg1 a1=Q 74. Rxg2+ Kh3 75. Rg3+ Kh4 76. Rg2 Ra2+ 77. Kf3 Rxg2 78.
Kxg2 Qc3 79. Kf2 Qd3 80. Kg2 Qe3 81. Kf1 Qd2 82. Kg1 Kg3 83. Kf1 Qf2# 0-1